Normal view MARC view
  • पाटील शं

Entry Personal Name

Number of records used in: 1

001 - CONTROL NUMBER

  • control field: 214525

003 - CONTROL NUMBER IDENTIFIER

  • control field: OSt

005 - DATE AND TIME OF LATEST TRANSACTION

  • control field: 20251013221656.0

008 - FIXED-LENGTH DATA ELEMENTS

  • fixed length control field: 251013|| aca||aabn | a|a d

040 ## - CATALOGING SOURCE

  • Original cataloging agency: OSt
  • Transcribing agency: OSt

100 ## - HEADING--PERSONAL NAME

  • Personal name: पाटील शं

670 ## - SOURCE DATA FOUND

  • Source citation: Work cat.: (OSt)368816: पाटील शं., इल्‍लम, 1993